000 00603nam a2200241Ia 4500
003 OSt
005 20221005124618.0
006 a|||||r|||| 00| 0
007 ta
008 221004b |||||||| |||| 00| 0 tam d
024 _a51424
037 _cTextual
040 _aCRL
_cCRL
_btam
041 _2tam
_atam
082 _aP31,Jx1,1:g, 31J7
100 _aArumuganavalar Au.
_9631079
245 0 _aNannul
260 _c1957
650 _a TAMIL LANGUAGE
650 _aLINGUISTICS
942 _hP31,Jx1,1:g, 31J7
_cTEXL
_2cc
999 _c1050997
_d1050997